Loading...
| Any History | 0 | 4 | 0 | 0 | 40 | 114 | 125.50 | 0 | 0 |
| Geography | 0 | 3 | 0 | 0 | 30 | 86 | 106.00 | 0 | 0 |
| History - World History | 0 | 3 | 2 | 0 | 20 | 91 | 104.00 | 0 | 1 |
| Philosophy | 0 | 2 | 0 | 0 | 20 | 111 | 120.00 | 0 | 0 |
| Science - Other Science | 0 | 2 | 1 | 0 | 15 | 70 | 72.00 | 0 | 2 |
| Literature - World Literature | 0 | 1 | 0 | 0 | 10 | 58 | 58.00 | 0 | 0 |
| History - American History | 0 | 1 | 0 | 0 | 10 | 116 | 116.00 | 0 | 0 |
| History - European History | 0 | 2 | 2 | 0 | 10 | 81 | 103.50 | 0 | 0 |
| Mythology | 0 | 1 | 0 | 0 | 10 | 146 | 146.00 | 0 | 0 |
| Religion | 0 | 1 | 1 | 0 | 5 | 130 | 130.00 | 0 | 0 |
| Current Events | 0 | 1 | 1 | 0 | 5 | 116 | 116.00 | 0 | 0 |
| Science - Physics | 0 | 1 | 1 | 0 | 5 | 113 | 113.00 | 0 | 0 |
| Social Science | 0 | 0 | 1 | 0 | -5 | 0.00 | 0 | 0 |